Novela zákona o dani z príjmov účinná od 1. januára 2011

Novelou, rovnako ako aj ďalšími zmenami v daňových zákonoch sa má dosiahnuť konsolidácia verejných financií, znižovanie schodku verejných financií postupne až na maastrichtské 3 % hrubého domáceho produktu v roku 2013 a následne v strednodobom horizonte nasmerovanie verejných financií k vyrovnanému...

Ausführliche Beschreibung

Gespeichert in:
Bibliographische Detailangaben
1. Verfasser: Kováčová, Zdenka
Weitere Verfasser: Mezeiová, Viera
Format: Buchkapitel
Sprache:Slowakisch
Schlagworte:
Tags: Tag hinzufügen
Keine Tags, Fügen Sie das erste Tag hinzu!

MARC

LEADER 00000naa a2200000 4500
001 0126695
005 20231208083948.9
041 0 |a slo 
044 |a SK 
245 1 0 |a Novela zákona o dani z príjmov účinná od 1. januára 2011  |c Zdenka Kováčová, Viera Mezeiová 
520 |a Novelou, rovnako ako aj ďalšími zmenami v daňových zákonoch sa má dosiahnuť konsolidácia verejných financií, znižovanie schodku verejných financií postupne až na maastrichtské 3 % hrubého domáceho produktu v roku 2013 a následne v strednodobom horizonte nasmerovanie verejných financií k vyrovnanému rozpočtu. Informácia o opatreniach schválených v novele ZDP. Ilustračné príklady. 
610 2 0 |a zákony 
610 2 0 |a novelizácia 
610 2 0 |a Slovensko 
610 2 0 |a dane z príjmov 
100 1 |a Kováčová, Zdenka 
700 1 |a Mezeiová, Viera